000 00362nam a2200145Ia 4500
008 150201s2012 xx 000 0 und d
082 _a611
_bL12S
100 _aSINNATAMBY, CHUMMY S.
245 _aLAST,S ANATOMY : REGIONAL & APPLIED
250 _a12TH
260 _bCHURCHILL
_aEDINBURGH
_c2012
300 _a1-548
650 _aHUMAN ANATOMY
942 _2ddc
_cBK
999 _c1782
_d1782